000
00296nam a22001337a 4500
008
181019b xxu||||| |||| 00| 0 eng d
020
_a
0134965302
041
_a
eng
080
_a
370
100
_a
48
101
_a
EDU
245
_a
Speakers Lifetime Libarary
_c
Miller.A.R
942
_2
udc
_c
BK
999
_c
50178
_d
50178